Ήθος και λεβεντοσύνη στην Κάρπαθο της 5 Οκτωβρίου 1944

Αποθηκεύτηκε σε:
Λεπτομέρειες βιβλιογραφικής εγγραφής
Κύριος συγγραφέας: Αλεξιάδης, Μηνάς Αλ., 1948-
Μορφή: Βιβλίο
Γλώσσα:Greek
Δημοσίευση: Αθήνα : [χ.ό.], 2008
Θέματα:
Ετικέτες: Προσθήκη ετικέτας
Δεν υπάρχουν, Καταχωρήστε ετικέτα πρώτοι!

MARC

LEADER 00000cam a2200000 i 4500
001 1/100925
008 090209s2008 gre d
020 |a 978-960-9484-5-3 
035 |l 10103052 
040 |a GR-MY-UA  |b gre  |e aacr 
041 0 |a gre 
082 0 |a 938.77 
100 1 |a Αλεξιάδης, Μηνάς Αλ.,   |d 1948- 
245 1 0 |a Ήθος και λεβεντοσύνη στην Κάρπαθο της 5 Οκτωβρίου 1944 /  |c Μηνάς Αλ. Αλεξιάδης 
260 |a Αθήνα :   |b [χ.ό.],   |c 2008 
300 |a 43 σ.;  |c 24 εκ. 
500 |a "Πανηγυρικός λόγος στην 60. Επέτειο του Επαναστατικού Απελευθερωτικού Κινήματος Καρπάθου, που εκφωνήθηκε στο Δημοτικό Διαμέρισμα Μενετών (5 Οκτωβρίου 2004), ενώπιον του Προέδρου της Ελληνικής Δημοκρατίας Κωνσταντίνου Δ. Στεφανόπουλου. Με την ομιλία του Προέδρου" 
504 |a Περιλαμβάνει βιβλιογραφίες και ευρετήριο 
650 0 0 |a World War, 1939-1945  |x Underground movements  |z Greece  |z Karpathos (Municipality) 
651 0 |a Karpathos (Greece : Municipality)  |x History. 
852 |a INST  |b RHODES  |e 20090209  |h 938.77 ΑΛΕ  |p 005400031797  |q 005400031797  |t BK  |y 0 
901 |a BIBL4-2009-1 
970 |a ΚΟΖΑ  |b ΜΑΡΙΑ  |z 2009/02/09